MARC details
| 000 -LEADER |
| fixed length control field |
02938cam a22003854a 4500 |
| 001 - CONTROL NUMBER |
| control field |
7140821 |
| 003 - CONTROL NUMBER IDENTIFIER |
| control field |
ARRUPE |
| 005 - DATE AND TIME OF LATEST TRANSACTION |
| control field |
20130926143645.0 |
| 008 - FIXED-LENGTH DATA ELEMENTS--GENERAL INFORMATION |
| fixed length control field |
080718s2009 inuab b s001 0 eng |
| 010 ## - LIBRARY OF CONGRESS CONTROL NUMBER |
| LC control number |
2008031559 |
| 020 ## - INTERNATIONAL STANDARD BOOK NUMBER |
| International Standard Book Number |
9780253352712 (cloth : alk. paper) |
| 020 ## - INTERNATIONAL STANDARD BOOK NUMBER |
| International Standard Book Number |
0253352711 (cloth : alk. paper) |
| 024 ## - OTHER STANDARD IDENTIFIER |
| Standard number or code |
40016540842 |
| 035 ## - SYSTEM CONTROL NUMBER |
| System control number |
(OCoLC)234260180 |
| 035 ## - SYSTEM CONTROL NUMBER |
| System control number |
(OCoLC)ocn234260180 |
| 035 ## - SYSTEM CONTROL NUMBER |
| System control number |
(NNC)7140821 |
| 040 ## - CATALOGING SOURCE |
| Original cataloging agency |
DLC |
| Transcribing agency |
DLC |
| Modifying agency |
BTCTA |
| -- |
UKM |
| -- |
C#P |
| -- |
YDXCP |
| -- |
OrLoB-B |
| 043 ## - GEOGRAPHIC AREA CODE |
| Geographic area code |
f-tz--- |
| -- |
a-cc--- |
| -- |
f------ |
| 050 00 - LIBRARY OF CONGRESS CALL NUMBER |
| Classification number |
HE3243 |
| Item number |
.M66 2008 |
| 300 ## - PHYSICAL DESCRIPTION |
| Other physical details |
ill., maps ; |
| Dimensions |
24 cm. |
| 100 1# - MAIN ENTRY--PERSONAL NAME |
| Personal name |
Monson, Jamie. |
| 9 (RLIN) |
1475 |
| 245 10 - TITLE STATEMENT |
| Title |
Africa's freedom railway : |
| Remainder of title |
how a Chinese development project changed lives and livelihoods in Tanzania / |
| Statement of responsibility, etc |
Jamie Monson. |
| 260 ## - PUBLICATION, DISTRIBUTION, ETC. (IMPRINT) |
| Place of publication, distribution, etc |
Bloomington : |
| Name of publisher, distributor, etc |
Indiana University Press, |
| Date of publication, distribution, etc |
c2008. |
| 300 ## - PHYSICAL DESCRIPTION |
| Extent |
xii, 199 p. : |
| 504 ## - BIBLIOGRAPHY, ETC. NOTE |
| Bibliography, etc |
Includes bibliographical references (p. [183]-191) and index. |
| 505 00 - FORMATTED CONTENTS NOTE |
| Miscellaneous information |
1. |
| Title |
Introduction -- |
| Miscellaneous information |
Pt. 1. |
| Title |
Freedom Railway -- |
| Miscellaneous information |
2. |
| Title |
Railway Visions -- |
| Miscellaneous information |
3. |
| Title |
Building the People's Railway -- |
| Miscellaneous information |
4. |
| Title |
Living along the Railway -- |
| Miscellaneous information |
Pt. 2. |
| Title |
Ordinary Train -- |
| Miscellaneous information |
5. |
| Title |
The Ordinary Train -- |
| Miscellaneous information |
6. |
| Title |
Landscape Visions -- |
| Miscellaneous information |
7. |
| Title |
Conclusion -- |
| Miscellaneous information |
App. 1. |
| Title |
Eight Principles Governing China's Economic and Technical Aid to Other Countries -- |
| Miscellaneous information |
App. 2. |
| Title |
Parcel Shipments to and from Selected Rail Stations, 1998-2000 -- |
| Miscellaneous information |
App. 3. |
| Title |
Land Cover Change, Kilombero Valley Study Area. |
| 520 1# - SUMMARY, ETC. |
| Summary, etc |
"The TAZARA (Tanzania Zambia Railway Authority) or Freedom Railway stretches from Dar es Salaam on the Tanzanian coast to the copper belt region of Zambia. The railway, built during the height of the Cold War, was intended to redirect the mineral wealth of the interior away from routes through South Africa and Rhodesia. After being rebuffed by Western donors, newly independent Tanzania and Zambia accepted help from communist China to construct what would become one of Africa's most vital transportation corridors. Drawing on first-hand experiences of engineers and laborers together with life histories of traders who used the railway, Jamie Monson tracks the railroad from its design and construction to its daily use as a passenger train that provided an important means for moving people and goods from one village to another. This engaging history reveals how transnational interests contributed to environmental change, population movements, the rise of local and regional economic enterprise, and one of the most sweeping development transitions in postcolonial Africa."--BOOK JACKET. |
| 650 #0 - SUBJECT ADDED ENTRY--TOPICAL TERM |
| Topical term or geographic name as entry element |
Railroads |
| Geographic subdivision |
Tanzania. |
| 9 (RLIN) |
1476 |
| 650 #0 - SUBJECT ADDED ENTRY--TOPICAL TERM |
| Topical term or geographic name as entry element |
Economic assistance, Chinese |
| Geographic subdivision |
Tanzania. |
| 9 (RLIN) |
1477 |
| 650 #0 - SUBJECT ADDED ENTRY--TOPICAL TERM |
| Topical term or geographic name as entry element |
Economic development projects |
| Geographic subdivision |
Tanzania. |
| 9 (RLIN) |
1478 |
| 651 #0 - SUBJECT ADDED ENTRY--GEOGRAPHIC NAME |
| Geographic name |
Africa |
| General subdivision |
Foreign economic relations |
| Geographic subdivision |
China. |
| 9 (RLIN) |
1479 |
| 651 #0 - SUBJECT ADDED ENTRY--GEOGRAPHIC NAME |
| Geographic name |
China |
| General subdivision |
Foreign economic relations |
| Geographic subdivision |
Africa. |
| 9 (RLIN) |
1480 |
| 900 ## - EQUIVALENCE OR CROSS-REFERENCE-PERSONAL NAME [LOCAL, CANADA] |
| Numeration |
TOC |
| 942 ## - ADDED ENTRY ELEMENTS (KOHA) |
| Source of classification or shelving scheme |
Library of Congress Classification |
| Koha item type |
Monograph ( Printed materials) |
| 948 1# - LOCAL PROCESSING INFORMATION (OCLC); SERIES PART DESIGNATOR (RLIN) |
| Series part designator, SPT (RLIN) |
20090415 |
| b (OCLC) |
c |
| c (OCLC) |
sl13 |
| d (OCLC) |
MPS |